000 00353nam a22001337a 4500
082 _a725.725
_bBRO
_cL-38, P-41
100 _aMike, brown.
_943607
245 _aThe design of roundabout/
_cBrown, Mike.
260 _aLondon.
_bHMSO Pub.
300 _a270 p.
_bill.
526 _a0
_b0
_c0
_d725_725000000000000_BRO
650 _aMCE
_9379
942 _2ddc
_cBK
999 _c547409
_d547409